Αρχές ενόργανης ανάλυσης

Saved in:
Bibliographic Details
Main Author: Skoog, Douglas A.
Other Authors: Holler, F. James, Crouch, Stanley R., Καραγιάννης, Μιλτιάδης Ι. (Translator)
Format: Book
Language:Greek
English
Published: Αθήνα : Κωσταράκης, c2007.
Edition:6η έκδ.
Subjects:
Tags: Add Tag
No Tags, Be the first to tag this record!

MARC

LEADER 00000cam a2200000 a 4500
001 1/110863
008 160530s2007####gr | ||| |||| ||gre||
020 |a 9786188091337  
040 |a GR-MyUa  |b gre  |c GR-MyUa  |e AACR2 
041 1 |a gre  |h eng 
082 7 |a 543   |2 (23)  
100 1 |a Skoog, Douglas A. 
245 1 0 |a Αρχές ενόργανης ανάλυσης /   |c Douglas A. Skoog, F. James Holler, Stanley R. Crouch ; μετάφραση και γλωσσική επιμέλεια: Μιλτιάδης Ι. Καραγιάννης , Κωνσταντίνος Η. Ευσταθίου.  
250 |a 6η έκδ.  
260 |a Αθήνα :   |b Κωσταράκης,   |c c2007.  
300 |a xviii, 1175 σ.;   |b σχ.;   |c 30 εκ.  
504 |a Περιλαμβάνει ευρετήριο.  
650 0 |a Instrumental analysis  |x Textbooks. 
700 1 |a Holler, F. James. 
700 1 |a Crouch, Stanley R. 
700 1 |a Καραγιάννης, Μιλτιάδης Ι.  |e trl 
852 |a INST  |b LEMNOS  |c EUDOXUS  |e 20160530  |h 543 SKO  |p 005600001254  |q 005600001254  |t EDX  |y 0 
920 |a Εύδοξος  |b Παραγγελία  |y Λήμνος-ΤΕΤΔ  |z 2016-05 
970 |a Μοσχόβη  |b Ευαγγελία  |z 30-05-2016